[Event "EYCC Open-U18 2019"]
[Site "Bratislava"]
[Date "2019.08.09"]
[Round "8.31"]
[White "Pektas, Yigit"]
[Black "Zabolotnov, Evgeny"]
[Result "1/2-1/2"]
[WhiteElo "2111"]
[BlackElo "2284"]
[Annotator "NA"]
[PlyCount "142"]
[EventDate "2019.08.02"]
[EventType "swiss"]
[EventCountry "SVK"]
[SourceTitle "playchess.com"]
[Source "ChessBase"]
[SourceQuality "1"]
[TimeControl "40/5400+30:1800+30"]

1. d4 {[%emt 0:00:00]} d5 {[%emt 0:00:00]} 2. Nf3 {[%emt 0:00:00]} Nf6 {[%emt 0:00:00]} 3. c4 {[%emt 0:00:00]} e6 {[%emt 0:00:00]} 4. g3 {[%emt 0:00:00]} dxc4 {[%emt 0:00:00]} 5. Bg2 {[%emt 0:00:12]} a6 {[%emt 0:00:00]} 6. a4 {[%emt 0:07:11]} Nc6 {[%emt 0:00:18]} 7. O-O {[%emt 0:04:01]} Rb8 {[%emt 0:12:23]} 8. b3 {[%emt 0:06:21]} cxb3 {[%emt 0:12:27]} 9. Qxb3 {[%emt 0:00:06]} Nxd4 {[%emt 0:05:21]} 10. Nxd4 {[%emt 0:00:06]} Qxd4 {[%emt 0:00:03]} 11. Rd1 {[%emt 0:00:14]} Qb6 {[%emt 0:03:26]} 12. Qxb6 {[%emt 0:21:49]} cxb6 {[%emt 0:00:05]} 13. Bf4 {[%emt 0:00:05]} Ra8 {[%emt 0:00:08]} 14. Bc7 {[%emt 0:00:08]} Bd7 {[%emt 0:06:58]} 15. Bxb6 {[%emt 0:00:10]} Bc6 {[%emt 0:03:13]} 16. Bxc6+ {[%emt 0:01:35]} bxc6 {[%emt 0:00:02]} 17. Nd2 {[%emt 0:00:22]} Bb4 {[%emt 0:07:20]} 18. Rac1 {[%emt 0:03:25]} Rc8 {[%emt 0:13:55]} 19. Bc5 {[%emt 0:06:07]} Bxd2 {[%emt 0:11:42]} 20. Rxd2 {[%emt 0:00:37]} Ne4 {[%emt 0:00:02]} 21. Rb2 {[%emt 0:02:49]} Nxc5 {[%emt 0:01:20]} 22. Rxc5 {[%emt 0:00:07]} Kd7 {[%emt 0:01:37]} 23. Rb6 {[%emt 0:03:07]} Kd6 {[%emt 0:03:43]} 24. Rc2 {[%emt 0:03:17]} a5 {[%emt 0:00:22]} 25. Ra6 {[%emt 0:04:24]} Rc7 {[%emt 0:02:15]} 26. Rxa5 {[%emt 0:01:18]} c5 {[%emt 0:00:35]} 27. e4 {[%emt 0:14:35]} Rb8 {[%emt 0:02:22]} 28. Kf1 {[%emt 0:03:40]} Rb4 {[%emt 0:00:37]} 29. f3 {[%emt 0:00:57]} c4 {[%emt 0:01:25]} 30. Ke2 {[%emt 0:02:12]} Kc6 {[%emt 0:03:57]} 31. Rc3 {[%emt 0:04:37]} Kb6 {[%emt 0:00:36]} 32. Ra8 {[%emt 0:01:13]} Rb2+ {[%emt 0:01:10]} 33. Ke3 {[%emt 0:00:15]} Rxh2 {[%emt 0:00:14]} 34. a5+ {[%emt 0:05:20]} Kb7 {[%emt 0:00:17]} 35. Rg8 {[%emt 0:00:05]} g6 {[%emt 0:00:38]} 36. Rd8 {[%emt 0:03:15]} Ra2 {[%emt 0:01:41]} 37. Rd4 {[%emt 0:01:28]} Ra4 {[%emt 0:00:08]} 38. f4 {[%emt 0:00:48]} Ka6 {[%emt 0:00:27]} 39. Rd8 {[%emt 0:00:53]} Rxa5 {[%emt 0:03:58]} 40. Kd4 {[%emt 0:00:00]} Ra4 {[%emt 0:00:00]} 41. Rb8 {[%emt 0:00:54]} Ka7 {[%emt 0:05:53]} 42. Rb2 {[%emt 0:03:20]} h5 {[%emt 0:04:40]} 43. Ke5 {[%emt 0:02:32]} Rd7 {[%emt 0:03:49]} 44. Rbc2 {[%emt 0:01:49]} Rc7 {[%emt 0:02:17]} 45. Rb2 {[%emt 0:01:15]} Ra5+ {[%emt 0:04:44]} 46. Kd6 {[%emt 0:03:05]} Rc8 {[%emt 0:04:52]} 47. Rb4 {[%emt 0:01:03]} e5 {[%emt 0:04:37]} 48. fxe5 {[%emt 0:02:37]} Re8 {[%emt 0:01:17]} 49. Rcxc4 {[%emt 0:03:46]} Re6+ {[%emt 0:00:18]} 50. Kc7 {[%emt 0:01:26]} Raxe5 {[%emt 0:02:03]} 51. Ra4+ {[%emt 0:04:27]} Ra6 {[%emt 0:00:05]} 52. Rab4 {[%emt 0:00:02]} Re7+ {[%emt 0:01:04]} 53. Kc8 {[%emt 0:00:50]} Ra3 {[%emt 0:01:19]} 54. Rc5 {[%emt 0:01:04]} Ra6 {[%emt 0:01:30]} 55. Kd8 {[%emt 0:03:01]} Rb7 {[%emt 0:01:24]} 56. Rxb7+ Kxb7 57. Rc7+ {[%emt 0:04:58]} Kb6 {[%emt 0:00:29]} 58. e5 {[%emt 0:02:37]} Ra5 {[%emt 0:01:48]} 59. Re7 {[%emt 0:00:29]} Kc6 {[%emt 0:01:14]} 60. Ke8 {[%emt 0:00:18]} Ra3 {[%emt 0:00:41]} 61. Rxf7 {[%emt 0:01:24]} Rxg3 {[%emt 0:00:08]} 62. e6 {[%emt 0:00:24]} h4 {[%emt 0:00:50]} 63. e7 {[%emt 0:00:43]} Kd5 {[%emt 0:00:54]} 64. Kf8 {[%emt 0:01:51]} Re3 {[%emt 0:00:07]} 65. Rh7 {[%emt 0:00:11]} g5 {[%emt 0:00:42]} 66. Rh5 {[%emt 0:00:17]} Rxe7 {[%emt 0:00:20]} 67. Kxe7 {[%emt 0:00:10]} Ke5 {[%emt 0:00:33]} 68. Rxg5+ {[%emt 0:01:32]} Kf4 {[%emt 0:00:01]} 69. Kf6 {[%emt 0:00:15]} h3 {[%emt 0:00:07]} 70. Rh5 {[%emt 0:00:22]} Kg3 {[%emt 0:00:17]} 71. Kf5 {[%emt 0:00:42]} h2 {[%emt 0:00:09]} 1/2-1/2

[Event "EYCC Open-U18 2019"]
[Site "Bratislava"]
[Date "2019.08.09"]
[Round "8.32"]
[White "Triantos, Konstantinos"]
[Black "Heimisson, Hilmir Freyr"]
[Result "0-1"]
[WhiteElo "2129"]
[BlackElo "2279"]
[Annotator "NA"]
[PlyCount "72"]
[EventDate "2019.08.02"]
[EventType "swiss"]
[EventCountry "SVK"]
[SourceTitle "playchess.com"]
[Source "ChessBase"]
[SourceQuality "1"]
[TimeControl "40/5400+30:1800+30"]

1. e4 {[%emt 0:00:00]} c5 {[%emt 0:00:00]} 2. Nf3 {[%emt 0:00:00]} Nc6 {[%emt 0:00:00]} 3. d4 {[%emt 0:00:00]} cxd4 4. Nxd4 {[%emt 0:00:00]} e5 {[%emt 0:00:00]} 5. Nb5 {[%emt 0:00:59]} d6 {[%emt 0:00:00]} 6. c4 {[%emt 0:04:41]} Be7 {[%emt 0:00:06]} 7. Be2 {[%emt 0:02:11]} Nf6 {[%emt 0:04:42]} 8. N1c3 {[%emt 0:00:23]} a6 {[%emt 0:00:06]} 9. Na3 {[%emt 0:00:03]} Be6 {[%emt 0:01:48]} 10. Be3 {[%emt 0:00:51]} O-O {[%emt 0:00:35]} 11. O-O {[%emt 0:00:25]} Rc8 {[%emt 0:01:24]} 12. Rc1 {[%emt 0:02:30]} h6 {[%emt 0:01:29]} 13. f3 {[%emt 0:03:12]} Nh5 {[%emt 0:10:55]} 14. Nd5 {[%emt 0:10:35]} Bg5 {[%emt 0:05:56]} 15. Nc2 {[%emt 0:06:42]} Bxd5 {[%emt 0:10:16]} 16. Bxg5 {[%emt 0:01:21]} Qxg5 {[%emt 0:01:58]} 17. exd5 {[%emt 0:00:21]} Nd4 {[%emt 0:11:51]} 18. Bd3 {[%emt 0:11:39]} Nf4 {[%emt 0:07:19]} 19. g3 {[%emt 0:01:32]} Nfe2+ {[%emt 0:01:35]} 20. Bxe2 {[%emt 0:02:01]} Qxc1 {[%emt 0:00:07]} 21. Nxd4 {[%emt 0:00:17]} Qe3+ {[%emt 0:00:32]} 22. Kg2 {[%emt 0:01:04]} exd4 {[%emt 0:02:37]} 23. Bd3 {[%emt 0:00:33]} Rfe8 {[%emt 0:01:52]} 24. b3 {[%emt 0:00:24]} b5 {[%emt 0:02:13]} 25. Rf2 {[%emt 0:01:19]} bxc4 {[%emt 0:08:30]} 26. Bxc4 {[%emt 0:00:31]} a5 {[%emt 0:00:43]} 27. Rd2 {[%emt 0:02:25]} Qg5 {[%emt 0:04:01]} 28. Rxd4 {[%emt 0:00:20]} Re3 {[%emt 0:01:00]} 29. Qd2 {[%emt 0:02:40]} Rce8 {[%emt 0:00:34]} 30. Qxa5 {[%emt 0:01:41]} Re2+ {[%emt 0:05:37]} 31. Bxe2 {[%emt 0:00:45]} Rxe2+ {[%emt 0:00:02]} 32. Kh3 {[%emt 0:00:21]} Qh5+ {[%emt 0:00:08]} 33. Rh4 {[%emt 0:00:09]} Qf5+ {[%emt 0:00:02]} 34. Rg4 {[%emt 0:00:08]} h5 {[%emt 0:00:42]} 35. Qd8+ {[%emt 0:00:09]} Kh7 {[%emt 0:00:06]} 36. Qh4 {[%emt 0:00:03]} g6 {[%emt 0:00:12]} 0-1

[Event "EYCC Open-U18 2019"]
[Site "Bratislava"]
[Date "2019.08.09"]
[Round "8.33"]
[White "Crevatin, Leo"]
[Black "Alivodic, Dario"]
[Result "1-0"]
[WhiteElo "2146"]
[BlackElo "2120"]
[Annotator "NA"]
[PlyCount "67"]
[EventDate "2019.08.02"]
[EventType "swiss"]
[EventCountry "SVK"]
[SourceTitle "playchess.com"]
[Source "ChessBase"]
[SourceQuality "1"]
[TimeControl "40/5400+30:1800+30"]

1. d4 {[%emt 0:00:00]} e6 {[%emt 0:00:00]} 2. c4 {[%emt 0:00:00]} d5 {[%emt 0:00:00]} 3. Nf3 {[%emt 0:00:00]} c6 {[%emt 0:00:00]} 4. Qc2 {[%emt 0:00:00]} f5 {[%emt 0:00:11]} 5. Bf4 {[%emt 0:00:00]} Nf6 {[%emt 0:00:14]} 6. e3 {[%emt 0:00:30]} Be7 {[%emt 0:00:08]} 7. h3 {[%emt 0:01:18]} Ne4 {[%emt 0:00:44]} 8. Nc3 {[%emt 0:00:50]} Qa5 {[%emt 0:02:06]} 9. Bd3 {[%emt 0:03:43]} O-O {[%emt 0:03:37]} 10. O-O {[%emt 0:03:03]} Nd7 {[%emt 0:02:10]} 11. cxd5 {[%emt 0:04:18]} exd5 {[%emt 0:00:17]} 12. a3 {[%emt 0:03:25]} Qd8 {[%emt 0:00:23]} 13. b4 {[%emt 0:02:26]} Qe8 {[%emt 0:02:24]} 14. b5 {[%emt 0:01:27]} g5 {[%emt 0:05:37]} 15. Bc7 {[%emt 0:09:52]} Qh5 {[%emt 0:18:51]} 16. bxc6 {[%emt 0:04:07]} bxc6 {[%emt 0:00:10]} 17. Ne2 {[%emt 0:13:24]} Rf6 {[%emt 0:02:42]} 18. Ne5 {[%emt 0:00:50]} Nxe5 {[%emt 0:06:08]} 19. Bxe5 {[%emt 0:00:52]} Rh6 {[%emt 0:02:26]} 20. f3 {[%emt 0:01:51]} g4 {[%emt 0:06:10]} 21. Nf4 {[%emt 0:01:19]} Qh4 {[%emt 0:00:07]} 22. fxe4 {[%emt 0:01:56]} fxe4 {[%emt 0:00:14]} 23. Bxe4 {[%emt 0:02:34]} gxh3 {[%emt 0:03:26]} 24. g3 {[%emt 0:01:19]} Qxg3+ {[%emt 0:00:56]} 25. Kh1 {[%emt 0:00:06]} Qxe3 {[%emt 0:04:38]} 26. Nxd5 {[%emt 0:03:52]} cxd5 {[%emt 0:00:44]} 27. Bxd5+ {[%emt 0:00:02]} Be6 {[%emt 0:00:21]} 28. Rg1+ {[%emt 0:01:09]} Kf8 {[%emt 0:01:50]} 29. Bg7+ {[%emt 0:01:23]} Kf7 {[%emt 0:00:08]} 30. Raf1+ {[%emt 0:00:43]} Rf6 {[%emt 0:00:12]} 31. Rxf6+ {[%emt 0:00:48]} Bxf6 {[%emt 0:00:15]} 32. Bxa8 {[%emt 0:01:37]} h2 {[%emt 0:00:50]} 33. Qxh2 {[%emt 0:00:43]} Bxg7 {[%emt 0:00:32]} 34. Qc7+ {[%emt 0:00:04]} 1-0

[Event "EYCC Open-U18 2019"]
[Site "Bratislava"]
[Date "2019.08.09"]
[Round "8.34"]
[White "Novosel, Marko"]
[Black "Chylewski, Patryk"]
[Result "0-1"]
[WhiteElo "1981"]
[BlackElo "2376"]
[Annotator "TA"]
[PlyCount "100"]
[EventDate "2019.08.02"]
[EventType "swiss"]
[EventCountry "SVK"]
[SourceTitle "playchess.com"]
[Source "ChessBase"]
[SourceQuality "1"]

{[%evp 16,100,-24,-39,-43,-39,-41,-40,7,6,45,0,18,3,17,-1,0,0,32,30,39,37,27,18,32,0,32,0,29,0,22,20,20,-18,0,-2,0,-25,-7,-17,22,-42,-26,-13,-7,-60,-58,-54,-37,-55,-54,-78,-42,-44,0,-84,-33,-114,-106,-132,-77,-129,-122,-114,-106,-165,-115,-369,-373,-483,-483,-655,-621,-1595,-1587,-1588,-1476,-1322,0,-1314,-1310,-29995,-29996,-29996,-29997,-29998,-29999]} 1. e4 c5 2. Nf3 d6 3. d3 g6 4. g3 Bg7 5. Bg2 Nc6 6. c3 e5 7. O-O Nge7 8. Nh4 O-O 9. f4 exf4 $1 {A04: Unusual lines after 1 Nf3 and King's Indian Attack} 10. Bxf4 (10. gxf4 f5 11. Be3 Kh8 12. a4 Be6 13. Nd2 Qd7 14. Nhf3 Rad8 15. Ng5 Bg8 16. h4 h6 17. Nh3 {0-1 (40) Lyons,B (1976)-Petrosian,A (2470) Rhodes 2019}) 10... d5 11. Nf3 dxe4 {Black is slightly better.} 12. dxe4 Qb6 $146 ({Predecessor:} 12... Be6 13. Nbd2 h6 14. Qc2 c4 15. Be3 {0-1 (33) Broekmeulen,J (1999)-De Roode,M (2110) Roosendaal 2012}) 13. Qc1 Bg4 14. Nbd2 Rad8 15. Be3 Bxf3 16. Nxf3 Ne5 (16... Nc8 {seems wilder.} 17. b4 Qc7 18. bxc5 Rd3 19. Nd4 b6) 17. Nxe5 Bxe5 18. Qc2 Qc7 19. Rf2 b6 20. Raf1 Nc6 21. Qb3 Na5 22. Qc2 Rde8 23. Bh6 Bg7 24. Qc1 Nc4 25. Bf4 Qe7 26. Kh1 Qe6 27. Rd1 Rd8 28. b3 (28. Rd5 $11) 28... Rxd1+ (28... Ne5 $5 {[%cal Re5d3]} 29. Rfd2 Rxd2 30. Qxd2 Re8 $11) 29. Qxd1 Ne5 30. Bxe5 ({Better is} 30. Rd2 $11) 30... Bxe5 $15 31. Rf3 Kg7 32. Qd5 Qe7 33. Rd3 Qf6 34. Rf3 $1 {[%cal Rf3f6]} Qe7 35. Rd3 $1 Qg5 (35... h5 $17) 36. c4 (36. Bf1 $15) 36... Re8 37. Rd1 Qf6 ({Black should try} 37... Re6 {aiming for ...Rd6.} 38. Rf1 Qe7) 38. Rf1 {[#]} (38. Qd7 $142 Re7 39. Qd2) 38... Qe7 $1 $17 39. Rd1 Bd4 40. Qc6 (40. e5 $17) 40... Rd8 41. Rf1 $2 {[%mdl 8192]} (41. e5 $17 {was necessary.}) 41... Be5 $19 42. a4 h5 43. Rf3 h4 44. g4 {[#]} h3 $1 {[%mdl 512]} 45. Bf1 (45. Rxh3 Qg5) 45... Rd6 46. Qa8 Rd8 47. Qc6 Rd1 {( -> ...Qh4)} 48. Qa8 {[#]} Qf6 $1 {[%mdl 576] Back Rank. Black mates.} 49. Rxf6 Bxf6 {[%cal Rd1f1]} 50. Kg1 Bd4+ {Accuracy: White = 25%, Black = 54%.} 0-1

[Event "EYCC Open-U18 2019"]
[Site "Bratislava"]
[Date "2019.08.09"]
[Round "8.35"]
[White "Kozak, Antoni"]
[Black "Akdogan, Alperen"]
[Result "1-0"]
[WhiteElo "2365"]
[BlackElo "2193"]
[Annotator "NA"]
[PlyCount "182"]
[EventDate "2019.08.02"]
[EventType "swiss"]
[EventCountry "SVK"]
[SourceTitle "playchess.com"]
[Source "ChessBase"]
[SourceQuality "1"]
[TimeControl "40/5400+30:1800+30"]

1. d4 {[%emt 0:00:00]} f5 {[%emt 0:00:00]} 2. Nf3 {[%emt 0:00:00]} Nf6 {[%emt 0:00:04]} 3. g3 {[%emt 0:00:00]} g6 {[%emt 0:00:08]} 4. Bg2 {[%emt 0:00:00]} Bg7 {[%emt 0:00:09]} 5. O-O {[%emt 0:00:00]} O-O {[%emt 0:00:10]} 6. Nbd2 {[%emt 0:00:00]} d6 {[%emt 0:01:57]} 7. Re1 {[%emt 0:00:00]} Nh5 {[%emt 0:03:07]} 8. h3 {[%emt 0:01:13]} e5 {[%emt 0:01:33]} 9. dxe5 {[%emt 0:04:47]} dxe5 {[%emt 0:00:08]} 10. e4 {[%emt 0:00:08]} fxe4 {[%emt 0:09:26]} 11. Nxe4 {[%emt 0:00:22]} Qxd1 {[%emt 0:00:33]} 12. Rxd1 {[%emt 0:00:01]} Nc6 {[%emt 0:00:19]} 13. c3 {[%emt 0:00:53]} Nf6 {[%emt 0:27:04]} 14. Nxf6+ {[%emt 0:02:11]} Bxf6 {[%emt 0:00:45]} 15. Be3 {[%emt 0:00:09]} Bf5 {[%emt 0:01:09]} 16. Nd2 {[%emt 0:00:44]} Rfd8 {[%emt 0:18:45]} 17. Ne4 {[%emt 0:00:07]} Be7 {[%emt 0:00:09]} 18. b4 {[%emt 0:00:17]} a6 {[%emt 0:02:09]} 19. a4 {[%emt 0:00:36]} Rxd1+ {[%emt 0:00:22]} 20. Rxd1 {[%emt 0:00:01]} Rd8 {[%emt 0:00:17]} 21. Rxd8+ {[%emt 0:00:56]} Nxd8 {[%emt 0:00:06]} 22. a5 {[%emt 0:02:51]} Kf7 {[%emt 0:02:28]} 23. Kf1 {[%emt 0:00:32]} Ke6 {[%emt 0:04:24]} 24. Ke2 {[%emt 0:00:26]} Nf7 {[%emt 0:08:47]} 25. Nc5+ {[%emt 0:00:30]} Bxc5 {[%emt 0:00:12]} 26. Bxc5 {[%emt 0:00:01]} c6 {[%emt 0:00:15]} 27. c4 {[%emt 0:13:01]} Nd6 {[%emt 0:02:34]} 28. Bxd6 {[%emt 0:00:01]} Kxd6 {[%emt 0:00:07]} 29. c5+ {[%emt 0:00:01]} Kd7 {[%emt 0:01:18]} 30. g4 {[%emt 0:00:08]} Be6 {[%emt 0:01:20]} 31. g5 {[%emt 0:00:01]} Bd5 {[%emt 0:00:27]} 32. Bf3 {[%emt 0:00:01]} Be6 {[%emt 0:03:05]} 33. h4 {[%emt 0:00:06]} Bf5 {[%emt 0:02:38]} 34. Ke3 {[%emt 0:00:01]} Ke7 {[%emt 0:00:46]} 35. Be2 {[%emt 0:00:05]} Kf8 {[%emt 0:01:50]} 36. Bc4 {[%emt 0:00:12]} Ke7 {[%emt 0:01:03]} 37. Bb3 {[%emt 0:00:01]} Ke8 {[%emt 0:03:36]} 38. Ba2 {[%emt 0:00:01]} Ke7 {[%emt 0:00:16]} 39. Bc4 {[%emt 0:00:02]} Ke8 {[%emt 0:01:01]} 40. f4 {[%emt 0:00:00]} Ke7 {[%emt 0:00:00]} 41. Bb3 {[%emt 0:00:06]} Ke8 {[%emt 0:19:23]} 42. Ba2 {[%emt 0:00:01]} Ke7 {[%emt 0:00:10]} 43. Bc4 {[%emt 0:00:00]} Ke8 {[%emt 0:01:05]} 44. Bb3 {[%emt 0:00:01]} Ke7 {[%emt 0:00:06]} 45. fxe5 {[%emt 0:00:01]} Bb1 {[%emt 0:00:30]} 46. Kf4 {[%emt 0:00:02]} Bd3 {[%emt 0:01:08]} 47. Ba2 {[%emt 0:00:00]} Bc2 {[%emt 0:00:06]} 48. Bc4 {[%emt 0:00:01]} Bb1 {[%emt 0:00:25]} 49. Be2 {[%emt 0:00:11]} Ba2 {[%emt 0:01:22]} 50. Bg4 {[%emt 0:00:02]} Be6 {[%emt 0:00:39]} 51. Bf3 {[%emt 0:00:04]} Kf7 {[%emt 0:01:25]} 52. Be4 {[%emt 0:00:04]} Ke7 {[%emt 0:00:20]} 53. Bc2 {[%emt 0:00:04]} Kf7 {[%emt 0:01:06]} 54. Bd3 {[%emt 0:00:01]} Ke7 {[%emt 0:00:06]} 55. Kg3 {[%emt 0:00:05]} Kf8 {[%emt 0:00:38]} 56. Bc2 {[%emt 0:00:02]} Ke7 {[%emt 0:00:07]} 57. h5 {[%emt 0:00:03]} Kf7 {[%emt 0:00:03]} 58. h6 {[%emt 0:00:13]} Kf8 {[%emt 0:00:04]} 59. Kf4 {[%emt 0:00:05]} Kf7 {[%emt 0:00:08]} 60. Ke3 {[%emt 0:00:01]} Kf8 {[%emt 0:00:49]} 61. Kd4 {[%emt 0:00:01]} Kf7 {[%emt 0:00:28]} 62. Be4 {[%emt 0:00:01]} Kf8 {[%emt 0:00:49]} 63. Kc3 {[%emt 0:00:02]} Kf7 {[%emt 0:03:42]} 64. Kd4 {[%emt 0:00:26]} Kf8 {[%emt 0:00:06]} 65. Kd3 {[%emt 0:00:03]} Kf7 {[%emt 0:00:34]} 66. Kc3 {[%emt 0:00:01]} Kf8 {[%emt 0:00:24]} 67. b5 {[%emt 0:00:01]} axb5 {[%emt 0:00:09]} 68. a6 {[%emt 0:00:01]} bxa6 {[%emt 0:00:11]} 69. Bxc6 {[%emt 0:00:01]} Bc4 {[%emt 0:01:34]} 70. Kb4 {[%emt 0:00:06]} Ke7 {[%emt 0:00:26]} 71. Be4 {[%emt 0:00:03]} Bf7 {[%emt 0:03:02]} 72. Bb7 {[%emt 0:00:16]} Ke6 {[%emt 0:01:13]} 73. c6 {[%emt 0:01:33]} Kxe5 {[%emt 0:01:48]} 74. c7 {[%emt 0:00:23]} Be6 {[%emt 0:00:05]} 75. Kc5 {[%emt 0:00:28]} b4 {[%emt 0:00:14]} 76. Bd5 {[%emt 0:03:06]} Bc8 {[%emt 0:06:11]} 77. Bg8 {[%emt 0:00:01]} Kf5 {[%emt 0:01:25]} 78. Kxb4 {[%emt 0:00:21]} Kxg5 {[%emt 0:00:56]} 79. Kc5 {[%emt 0:00:03]} a5 {[%emt 0:00:34]} 80. Bb3 {[%emt 0:00:31]} Kxh6 {[%emt 0:01:06]} 81. Kd6 {[%emt 0:00:01]} g5 {[%emt 0:00:20]} 82. Be6 {[%emt 0:00:07]} Ba6 {[%emt 0:00:12]} 83. Kc5 {[%emt 0:00:06]} g4 {[%emt 0:00:51]} 84. Bxg4 {[%emt 0:00:27]} a4 {[%emt 0:00:20]} 85. Kb4 {[%emt 0:00:53]} Kg5 {[%emt 0:00:11]} 86. Bh3 {[%emt 0:00:04]} Kf6 {[%emt 0:00:18]} 87. Kxa4 {[%emt 0:00:01]} Ke7 {[%emt 0:00:07]} 88. Ka5 {[%emt 0:00:02]} Kd6 {[%emt 0:00:03]} 89. Kb6 {[%emt 0:00:01]} h6 {[%emt 0:01:43]} 90. Bg4 {[%emt 0:00:03]} h5 {[%emt 0:00:42]} 91. Bf5 {[%emt 0:00:03]} Kd5 1-0

[Event "EYCC Open-U18 2019"]
[Site "Bratislava"]
[Date "2019.08.09"]
[Round "8.36"]
[White "Riha, Vojtech"]
[Black "Storme, Isak"]
[Result "0-1"]
[WhiteElo "2197"]
[BlackElo "2330"]
[Annotator "TA"]
[PlyCount "96"]
[EventDate "2019.08.02"]
[EventType "swiss"]
[EventCountry "SVK"]
[SourceTitle "playchess.com"]
[Source "ChessBase"]
[SourceQuality "1"]

{[%evp 11,96,-26,8,-4,-4,-28,-21,-22,-31,-68,-67,-89,-88,-91,-91,-80,-76,-99,-60,-61,-28,-74,-67,-90,-97,-84,-91,-184,-189,-222,-221,-212,-219,-219,-220,-216,-181,-176,-161,-232,-220,-336,-325,-358,-286,-277,-279,-279,-270,-271,-185,-177,-123,-126,-127,-123,-111,-491,-487,-872,-871,-812,-781,-1018,-1023,-990,-983,-980,-928,-1119,-1088,-4561,-3755,-1992,-1904,-6253,-6833,-7443,-6809,-29971,-29972,-29977,-29978,-29982,-29981,-29979,-29980]} 1. e4 e5 2. f4 exf4 3. Nf3 d5 4. exd5 Nf6 5. Bc4 Nxd5 6. O-O Be7 7. Nc3 {C36: King's Gambit Accepted: 3 Nf3 d5} Nxc3 (7... Be6 8. Qe2 Nc6 9. d4 O-O 10. Nxd5 Bxd5 11. Bxd5 Qxd5 12. Bxf4 Bd6 13. Qd2 Rae8 14. Bxd6 Qxd6 {½-½ (43) Carlsen,M (2876)-Aronian,L (2780) Stavanger 2015}) 8. dxc3 Qxd1 9. Rxd1 {The position is equal.} g5 $1 10. Re1 $146 {aiming for Nxg5.} ({Predecessor:} 10. h4 h6 11. Ne5 O-O 12. g3 Nc6 13. gxf4 Nxe5 14. fxe5 Bg4 {0-1 (36) Kraus,O (2037)-Korneev,O (2561) El Sauzal 2003}) 10... h6 11. g3 fxg3 12. hxg3 Nc6 13. Bd5 Bd7 14. Nd4 Kf8 15. Rf1 Rh7 16. Be3 Bd6 17. Kg2 Re8 $36 {[%mdl 2048] Keeping White busy.} 18. Rae1 Re5 19. Bb3 (19. Bxc6 $17 {is a better defense.} bxc6 20. Bf2) 19... Na5 $19 20. Bd2 Nxb3 21. axb3 Rxe1 22. Bxe1 h5 23. Nf5 Bc6+ 24. Kg1 Be5 25. c4 (25. Bf2 {might work better.}) 25... f6 ({Resist} 25... Bxb2 26. Bb4+ Ke8 27. Re1+ Kd8 28. Be7+ Kc8 29. Bxg5 $17) 26. c3 (26. Bc3 $142) 26... Be4 27. c5 Rd7 28. Nd4 h4 29. gxh4 gxh4 30. Bxh4 Rh7 31. Be1 {[#]} f5 ({Black should try} 31... Bh2+ $1 $19 32. Kf2 Bd3) 32. Nf3 $17 {[#]} Bf4 $1 33. Bd2 Bg3 34. Be1 $2 {[%mdl 8192]} (34. Kg2 $17 {was the crucial defense.} f4 35. Be1) 34... Rg7 $19 {Threatens to win with ...Bxe1+.} 35. Bxg3 (35. Rf2 $142) 35... Rxg3+ {[%mdl 64] Double Attack} 36. Kh2 Rxf3 {[%mdl 4096] Endgame KRB-KR} 37. Rd1 Rf2+ 38. Kg3 Rxb2 39. Kf4 Ke7 40. Rg1 Kf6 41. Rg8 Rxb3 42. Rf8+ {[#]} Ke7 $1 43. Rh8 Rxc3 44. Rh7+ Kd8 45. Ke5 Rxc5+ {Black mates.} 46. Ke6 Rc6+ 47. Kf7 a5 48. Rh8+ Kd7 {Accuracy: White = 30%, Black = 89%.} 0-1

[Event "EYCC Open-U18 2019"]
[Site "Bratislava"]
[Date "2019.08.09"]
[Round "8.37"]
[White "Veleshnja, Zino"]
[Black "Galiana Fernandez, Adrian"]
[Result "1-0"]
[WhiteElo "2131"]
[BlackElo "2302"]
[Annotator "NA"]
[PlyCount "41"]
[EventDate "2019.08.02"]
[EventType "swiss"]
[EventCountry "SVK"]
[SourceTitle "playchess.com"]
[Source "ChessBase"]
[SourceQuality "1"]
[TimeControl "40/5400+30:1800+30"]

1. d4 {[%emt 0:00:00]} Nf6 {[%emt 0:00:00]} 2. c4 {[%emt 0:00:00]} e6 {[%emt 0:00:00]} 3. g3 {[%emt 0:00:00]} d5 {[%emt 0:00:00]} 4. Nf3 {[%emt 0:00:00]} Be7 {[%emt 0:00:00]} 5. Bg2 {[%emt 0:00:00]} O-O {[%emt 0:00:00]} 6. O-O {[%emt 0:00:00]} dxc4 {[%emt 0:00:04]} 7. Ne5 {[%emt 0:00:00]} Nc6 {[%emt 0:00:03]} 8. Nxc6 {[%emt 0:00:00]} bxc6 {[%emt 0:00:04]} 9. Na3 {[%emt 0:00:13]} Bxa3 10. bxa3 {[%emt 0:00:02]} Ba6 {[%emt 0:01:51]} 11. Qd2 {[%emt 0:00:02]} Rb8 {[%emt 0:00:06]} 12. Qa5 {[%emt 0:00:14]} Rb6 {[%emt 0:00:07]} 13. a4 {[%emt 0:02:22]} Qd6 {[%emt 0:00:04]} 14. a3 {[%emt 0:06:53]} Rd8 {[%emt 0:00:34]} 15. Re1 {[%emt 0:08:41]} Qe7 {[%emt 0:14:40]} 16. Bd2 {[%emt 0:04:38]} Rd5 {[%emt 0:26:30]} 17. Bxd5 {[%emt 0:01:06]} cxd5 {[%emt 0:00:27]} 18. Rab1 {[%emt 0:12:54]} Ne4 {[%emt 0:00:47]} 19. Be3 {[%emt 0:03:30]} Qd6 {[%emt 0:01:32]} 20. Bf4 {[%emt 0:01:03]} Qc6 {[%emt 0:00:37]} 21. Qxa6 {[%emt 0:00:59]} 1-0